| 000 | 00603nam a2200217 a 4500 | ||
|---|---|---|---|
| 999 |
_c4826 _d4826 |
||
| 001 | 4826 | ||
| 003 | BD-JhCC | ||
| 005 | 20171205132856.0 | ||
| 008 | 171203s1964 b |||| || | 000 0 be d | ||
| 035 | _a(BD-JhCC)4826 | ||
| 040 |
_aBD-JhCC _dBD-JhCC |
||
| 041 | _aeng | ||
| 082 |
_a891.442 _bHAQ 1964 |
||
| 100 | _aহক, এম, এস, | ||
| 245 |
_aকাদামাটির দূর্গ / _cএম, এস, হক, |
||
| 260 |
_aবগুড়া : _bসাহিত্য কুটির, _c1964. |
||
| 300 |
_a127 p. : _c18 cm. |
||
| 650 | _aDrama | ||
| 942 |
_2ddc _cBK |
||